LEADER 00510naa a2200145 i 4500 001 000000299142 003 CaOOAMICUS 005 20180831172638.0 008 180831n xx u000 u und u 013 $a6780 040 $aSeMil$bita 100 1 $aMoldo, Robert,$d<1929- >.$0(OLS)http://semarc/name/86007 245 10$aEssay de synthèse. 773 0 $tFormation et Église.$dParis : Beauchesne, 1987.$kPoint théologique$z2-7070-1143-4$z2-7010-1143-4$w()70519 996 $6245$aEssay de synthèse$9(OLS)http://semarc/title/375163 LEADER 01038nam a2200241 i 4500 001 000000199035 003 CaOOAMICUS 005 20110517000000.0 008 110517s1990 it u000 u ita u 013 $a177725 040 $aSeMil$bita 100 1 $aBertolli, Franco.$0(OLS)http://semarc/name/18346 245 12$aI cent'anni della Scuola Materna Carlo Sormani in Lonate Pozzolo /$cFranco Bertolli. 260 $aLonate Pozzolo :$bPro Loco,$c1990. 300 $a90 p., [8] c. di tav. :$bill. ;$c24 cm. 490 0 $aQuaderni Lonatesi ;$v1 650 4$aLonate Pozzolo - Storia.$0(OLS)http://semarc/subject/29426 830 0$aQuaderni Lonatesi ;$v1.$0(OLS)http://semarc/title/33609 850 $aSeMil 852 $aSeMil$W1$xVenegono$y1$m3P IV 355$j149588$B149588$CSeMilBibl$Z2$F167033 $81 961 $aLascito: Spezzibottiani don Mario 996 $6245$aI cent'anni della Scuola Materna Carlo Sormani in Lonate Pozzolo$9(OLS)http://semarc/title/287755 996 $6260$aLonate Pozzolo :$bPro Loco$9(OLS)http://semarc/publisher/36294